|
|
|
|
| LEADER |
00953nam a22002417a 4500 |
| 001 |
AAL4151 |
| 003 |
BD-DhAAL |
| 005 |
20160320185051.0 |
| 008 |
160320s 2001bg a|||| |||| 00| 0 ben d |
| 020 |
|
|
|a 9844151309
|
| 040 |
|
|
|a BD-DhAAL
|c BD-DhAAL
|
| 082 |
|
|
|a 354.549/201
|
| 100 |
|
|
|a মতাহির, শোহেইল
|9 18666
|
| 245 |
|
|
|a আমলাতন্ত্রের ময়নাতদন্ত /
|c শোহেইল মতাহির
|
| 250 |
|
|
|a 1st ed.
|
| 260 |
|
|
|a ঢাকা :
|b অবসর প্রকাশন,
|c ২০০১
|
| 300 |
|
|
|a ৭৪ পৃ. :
|b চিত্র ;
|c ২২ সে.মি.
|
| 541 |
|
|
|e 4151
|
| 650 |
|
|
|a Bureaucracy
|z Bangladesh.
|9 18667
|
| 852 |
|
|
|a Savar Campus Library
|c General Shelf
|
| 942 |
|
|
|2 ddc
|c BK
|
| 999 |
|
|
|c 37179
|d 37179
|
| 952 |
|
|
|0 0
|1 0
|2 ddc
|4 0
|6 354_549000000000000_201_MAT
|7 0
|9 58456
|a SCL
|b SCL
|c GEN
|d 2016-03-20
|g 75.00
|l 0
|o 354.549201 MAT
|p 3020004151
|r 2016-03-20
|t 1
|w 2016-03-20
|y BK
|